000 00371nam a2200145Ia 4500
005 20250729165724.0
008 250729s2011 xx 000 0 und d
041 _aeng
082 _a370.1 NIRL
100 _aDr.V Nirmala
_9231387
245 _aLaw Relating to Human Rights
260 _aHyderabad
_bAsia Law House
_c2011
300 _a466p
650 _aEducation
_9231388
999 _c239256
_d239256